000 00548nam a2200193Ia 4500
005 20250508155511.0
008 008 250505s9999 xx 000 0 eng d
037 _aTextual
040 _aFEDL
_beng
_cFEDL
041 _aeng
_2eng
084 _a371.3, SIM
_qFEDL
100 _aSimpson Ray H
_9762846
245 0 _aImproving teaching-learning processes
260 _aNew York, USA
_bLongmans, Green and Co
_c1953
300 _aix,487p.
650 _aTeaching Technique
942 _cTEXL
_h371.3, SIM
999 _c1357313
_d1357313